000 00600nam a22002297a 4500
003 UA-OsUOA
001 20795
007 ta
008 20031104b un ||||| |||| 00| 0 ukr d
090 _a94(100).05/15
_bК53
942 _cBK
040 _aUA-OsUOA
_bukr
_cUA-OsUOA
_dUA-OsUOA
245 _aКнига для читання з історії середніх віків
_cЄ.С.Литвак
300 _a183 с.
955 _a0
041 _aukr
080 _a94(100).05/15
260 _aКиїв
_bРадянська школа
_c1971
044 _aUA
650 7 _2UDC
999 _c306979
_d306979